| 000 | 00560nam a2200181Ia 4500 | ||
|---|---|---|---|
| 003 | IN-BaIIA | ||
| 008 | 211028s9999 xx 000 0 eng d | ||
| 040 | _cIIA Library | ||
| 080 |
_a521.13 _bKUR |
||
| 100 |
_aKurth, Rudolf _93497 |
||
| 245 | 0 |
_aIntroduction to the mechanics of stellar systems _cRudolf Kurth |
|
| 260 |
_aLondon _bPergamon Press _c1957 |
||
| 300 | _aix, 174p. | ||
| 650 | _aAstronomy and astrophysics thesaurus | ||
| 650 |
_aStellar interiors _91247 |
||
| 650 | _aStellar structure | ||
| 942 | _cBK | ||
| 999 |
_c1812 _d1812 |
||